Personnalités dont le nom commence par la lettre F (par images) - Statistiques

Statistiques générales
  • Ce quiz a été pris 618 fois
  • Le résultat moyen est 11 sur 20
Statistiques - réponses
Par images Réponse % Correct
Claude François
93%
Florence Foresti
93%
Jean-Pierre Foucault
81%
Lara Fabian
81%
Mylène Farmer
81%
François Fillon
80%
Morgan Freeman
80%
Harrison Ford
69%
Fernandel
68%
Luis Figo
47%
Aretha Franklin
44%
Tom Felton
42%
Megan Fox
37%
Jean Ferrat
31%
Laura Flessel
30%
Michel Fugain
26%
Just Fontaine
21%
Colin Firth
19%
Peter Falk
16%
Jon Favreau
12%
Aucun quiz correspondant
Distribution des résultats
% des personnes avec chaque résultat
Percentile par nombre de réponses
Votre historique - résultats
Vous n’avez pas pris ce quiz